000 00483nam a2200181Ia 4500
008 090124s9999 xx 000 0 und d
082 _b122154
100 _aवाळिंबे शरदचंद्र
245 _a धडक
250 _a1
260 _c1987
300 _a208
600 _aवाळिंबे शरदचंद्र
630 _a धडक
700 _aवाळिंबे शरदचंद्र
730 _a धडक
942 _cBOOK
999 _c168240
_d168240